| 000 | 01372nam a2200301u 4500 | ||
|---|---|---|---|
| 005 | 00000000000000.0 | ||
| 008 | 810522s1962 nyua j 000 0 eng | ||
| 010 | _aB-357821 | ||
| 020 |
_a9780746060032 _c65.00 |
||
| 020 |
_a0746060033 _c65.00 |
||
| 035 | _aB-357821 | ||
| 035 | _aB-345543 | ||
| 037 | _bTarun Books | ||
| 040 |
_adpl _bEnglish |
||
| 082 | _aS | ||
| 100 | _aPunter, Russell | ||
| 245 |
_aStories of Robots / _cby Russell Punter; illustrated by Andrew Hamilton |
||
| 260 |
_aLondon _bUsborne Publishing _c2004 |
||
| 270 |
_aUsborne House, 83-85 Saffron Hill _bLondon _eEC1N 8RT _mwww.usborne.com |
||
| 300 |
_a48p. : _bill. _c20cm(pbk) |
||
| 490 |
_aUsborne young reading; edited by Lesley Sims _vseries one |
||
| 700 | _aHamilton, Andrew | ||
| 942 |
_2ddc _cCH _hS _mPUN |
||
| 999 |
_c21670 _d21670 |
||